000
00233nam a2200109Ia 4500
008
190216s9999||||xx |||||||||||||| ||und||
100
_a
Bachan
245
0
_a
Hindi-Madhusala
260
_b
Raj Pal&Sons
650
_a
Hindi
942
_c
BK
999
_c
15246
_d
15246